000 00501nam a22001577a 4500
005 20251108172009.0
008 250721s1990 xx 000 0 ara d
082 1 4 _a811.509/مقد
100 1 _aرحيم، مقداد
245 1 0 _aعروض الموشحات الأندلسية :
_bدراسة و تطبيق /
264 1 _aبغداد :
_bدار الشؤون الثقافية العامة،
_c1990.
300 _a300ص
650 1 7 _aالشعر الأندلسي
942 _2ddc
_cBK
999 _c67873
_d67873